Traité de droit commercial
Збережено в:
| Автори: | , |
|---|---|
| Формат: | Книга |
| Мова: | Французька |
| Опубліковано: |
París
Librairie Générale de Droit et de Jurisprudence
1906
|
| Редагування: | 4a. ed |
| Предмети: | |
| Теги: |
Додати тег
Немає тегів, Будьте першим, хто поставить тег для цього запису!
|
MARC
| LEADER | 00000nam a2200000 a 4500 | ||
|---|---|---|---|
| 001 | UCS2057 | ||
| 003 | CL-VaPUC | ||
| 008 | 970516e19060000FR |||||||||||||||||fre|d | ||
| 082 | 0 | 4 | |a 346.07 |b LYO |2 21 |
| 100 | |a Lyon-Caen, Ch. |e autor |9 404622 | ||
| 700 | 0 | |a Renault, L |e author |9 387076 | |
| 245 | 1 | 0 | |a Traité de droit commercial |
| 250 | |a 4a. ed | ||
| 300 | |a 8 v | ||
| 942 | |c BK | ||
| 945 | |d 19970516 00:00:00 |a paguirre | ||
| 260 | |a París |b Librairie Générale de Droit et de Jurisprudence |c 1906 | ||
| 650 | 0 | |a Derecho comercial |9 256340 | |
| 650 | 0 | |a Historia |9 255047 | |
| 650 | 0 | |a Comercio |9 255341 | |
| 650 | 0 | |a Comerciantes |9 267878 | |
| 650 | 7 | |a TRIBUNALES COMERCIALES |2 CL-VaPUC |9 387077 | |
| 650 | 0 | |a Sociedades |9 259052 | |
| 650 | 0 | |a Sociedades comerciales |9 257290 | |
| 650 | 0 | |a Sociedades anónimas |9 255387 | |
| 650 | 0 | |a Contratos |9 255153 | |
| 650 | 0 | |a Contratos comerciales |9 374028 | |
| 650 | 0 | |a Compraventa |9 255413 | |
| 650 | 0 | |a Bancos |9 254963 | |
| 650 | 0 | |a Operaciones bancarias |9 337857 | |
| 650 | 0 | |a Bolsa de valores |9 329250 | |
| 650 | 0 | |a Comercio marítimo |9 352895 | |
| 650 | 7 | |a BUQUES |2 CL-VaPUC |9 340467 | |
| 650 | 0 | |a Transporte marítimo |9 260127 | |
| 650 | 0 | |a Quiebra |9 255386 | |
| 583 | |a last modification |c 19970516 00:00:00 |k Rodrigo Vera | ||
| 999 | |c 260055 |d 260053 | ||
| 952 | |0 0 |1 0 |4 0 |6 346_070000000000000_LYO_1906 |7 0 |8 X |9 285630 |a BIBDER |b BIBDER |d 2019-11-19 |h v.1 |i 185576K |o 346.07 LYO 1906 |p 185576K |r 2023-01-25 |w 2019-11-19 |y BK_X |k DER | ||
| 952 | |0 0 |1 0 |4 0 |6 346_070000000000000_LYO_1906 |7 0 |8 X |9 285631 |a BIBDER |b BIBDER |d 2019-11-19 |h v.2 p.1 |i 1855778 |o 346.07 LYO 1906 |p 1855778 |r 2023-01-25 |w 2019-11-19 |y BK_X |k DER | ||
| 952 | |0 0 |1 0 |4 0 |6 346_070000000000000_LYO_1906 |7 0 |8 X |9 285632 |a BIBDER |b BIBDER |d 2019-11-19 |h v.2 p.2 |i 1855786 |o 346.07 LYO 1906 |p 1855786 |r 2023-01-25 |w 2019-11-19 |y BK_X |k DER | ||
| 952 | |0 0 |1 0 |4 0 |6 346_070000000000000_LYO_1906 |7 0 |8 X |9 285633 |a BIBDER |b BIBDER |d 2019-11-19 |h v.3 |i 1855794 |o 346.07 LYO 1906 |p 1855794 |r 2023-01-25 |w 2019-11-19 |y BK_X |k DER | ||
| 952 | |0 0 |1 0 |4 0 |6 346_070000000000000_LYO_1906 |7 0 |8 X |9 285634 |a BIBDER |b BIBDER |d 2019-11-19 |h v.4 |i 1855808 |o 346.07 LYO 1906 |p 1855808 |r 2023-01-25 |w 2019-11-19 |y BK_X |k DER | ||
| 952 | |0 0 |1 0 |4 0 |6 346_070000000000000_LYO_1906 |7 0 |8 X |9 285635 |a BIBDER |b BIBDER |d 2019-11-19 |h v.5 |i 1855816 |o 346.07 LYO 1906 |p 1855816 |r 2023-01-25 |w 2019-11-19 |y BK_X |k DER | ||
| 952 | |0 0 |1 0 |4 0 |6 346_070000000000000_LYO_1906 |7 0 |8 X |9 285636 |a BIBDER |b BIBDER |d 2019-11-19 |h v.6 |i 1855824 |o 346.07 LYO 1906 |p 1855824 |r 2023-01-25 |w 2019-11-19 |y BK_X |k DER | ||
| 952 | |0 0 |1 0 |4 0 |6 346_070000000000000_LYO_1906 |7 0 |8 X |9 285637 |a BIBDER |b BIBDER |d 2019-11-19 |h v.7 |i 1855832 |o 346.07 LYO 1906 |p 1855832 |r 2023-01-25 |w 2019-11-19 |y BK_X |k DER | ||
| 952 | |0 0 |1 0 |4 0 |6 346_070000000000000_LYO_1906 |7 0 |8 X |9 285638 |a BIBDER |b BIBDER |d 2019-11-19 |h v.8 |i 1855840 |o 346.07 LYO 1906 |p 1855840 |r 2023-01-25 |w 2019-11-19 |y BK_X |k DER | ||